LEADER 01669nam0 22003373i 450 001 VAN00004600 005 20240806100224.29 020 $aIT$b80 5386 100 $a20020724d1979 |0itac50 ba 101 $aita 102 $aIT 105 $a|||| ||||| 200 1 $aˆIl ‰regime delle trasformazioni urbanistiche ed edilizie$ecommentario della Legge n. 10, 1977$econ documentazione, legislazione giurisprudenza e bibliografia 210 $aNapoli$cJovene$d1979 215 $axii, 778 p.$d24 cm 316 $aFondo Tribunale Napoli$5IT-IT-CE0105 CONSFTA.99 316 $aFondo Tribunale$5IT-IT-CE0105 CONSIV.eof.17bbis 606 $aAree fabbricabili$xLegislazione$3VANC002842$2FI 606 $aDiritto di edificare$xGiurisprudenza$3VANC002853$2FI 606 $aDiritto di edificare$xLegislazione$3VANC002852$2FI 620 $dNapoli$3VANL000005 676 $a346$cDiritto privato$v22 700 1$aGiuffrè$bVincenzo$3VANV001791$0352913 712 $aJovene $3VANV107888$4650 801 $aIT$bSOL$c20260130$gRICA 912 $aVAN00004600 950 $aBIBLIOTECA DEL DIPARTIMENTO DI GIURISPRUDENZA$d00CONS FTA.99 $e00FTN8336 20130628 Fondo Tribunale Napoli 950 $aBIBLIOTECA DEL DIPARTIMENTO DI GIURISPRUDENZA$d00CONS IV.Eof.17b $e00 798444450 20020724 950 $aBIBLIOTECA DEL DIPARTIMENTO DI GIURISPRUDENZA$d00CONS IV.eof.17b bis $e00FT 118 20100305 Fondo Tribunale 996 $aRegime delle trasformazioni urbanistiche ed edilizie$9325372 997 $aUNICAMPANIA